Sociálna politika
Gespeichert in:
| 1. Verfasser: | |
|---|---|
| Körperschaft: | |
| Weitere Verfasser: | , , , , |
| Format: | Buch |
| Sprache: | Slowakisch |
| Veröffentlicht: |
Bratislava
Sprint vfra
2002
|
| Schriftenreihe: | Nová ekonómia
|
| Schlagworte: | |
| Tags: |
Keine Tags, Fügen Sie das erste Tag hinzu!
|
MARC
| LEADER | 00000nam a2200000 4500 | ||
|---|---|---|---|
| 001 | c131317 | ||
| 005 | 20221007090225.3 | ||
| 020 | |a 80-88848-92-X | ||
| 041 | 0 | |a slo | |
| 044 | |a SK | ||
| 245 | 1 | 0 | |a Sociálna politika |c Vojtech Stanek a kolektív |
| 264 | 1 | |a Bratislava |b Sprint vfra |c 2002 | |
| 300 | |a 474 s. | ||
| 490 | 1 | |a Nová ekonómia | |
| 830 | 0 | |a Nová ekonómia | |
| 610 | 2 | 0 | |a politika sociálna |
| 610 | 2 | 0 | |a teória a prax |
| 610 | 2 | 0 | |a transformácia |
| 610 | 2 | 0 | |a minimum existenčné |
| 610 | 2 | 0 | |a zabezpečenie sociálne |
| 610 | 2 | 0 | |a politika rodinná |
| 610 | 2 | 0 | |a práca sociálna |
| 610 | 2 | 0 | |a úroveň životná |
| 610 | 2 | 0 | |a zdravotníctvo |
| 610 | 2 | 0 | |a politika bytová |
| 610 | 2 | 0 | |a politika vzdelávania |
| 610 | 2 | 0 | |a vzdelávanie |
| 610 | 2 | 0 | |a reformy sociálne |
| 100 | 1 | |a Stanek, Vojtech | |
| 700 | 1 | |a Dudová, Iveta | |
| 700 | 1 | |a Rievajová, Eva | |
| 700 | 1 | |a Sika, Peter, 1975- | |
| 700 | 1 | |a Laluha, Ivan | |
| 700 | 1 | |a Kováč, Eduard | |
| 710 | 2 | |a Ekonomická univerzita v Bratislave | |